000 00505cam a2200205ua 4500
001 9239
005 20260515114438.0
008 150224n ii |||gr||||Z||||||eng
040 _cMAIN
041 _aeng
082 _a050
100 _aMathew, M.,
_eEditor.
245 1 _aManorama yearbook :
_b2009 /
_cEdited by M. Mathew .
250 _a44th.
260 _aNew Delhi:
_bMalayala,
_c2009.
300 _a1040p.
653 _aGeneral serial publications
653 _aManorama yearbook
942 _cBK
999 _c8301
_d8301